Central Library and Information Centre
Sibsagar Girls' College, Sivasagar : Assam

INDIA AND WORLD POLITICS (Record no. 1545)

MARC details
000 -LEADER
fixed length control field 00323cam a2200145ua 4500
008 - FIXED-LENGTH DATA ELEMENTS--GENERAL INFORMATION
fixed length control field 131122n II |||gr||||Z||||||eng
040 ## - CATALOGING SOURCE
Original cataloging agency MAIN
041 ## - LANGUAGE CODE
-- English
082 ## - DEWEY DECIMAL CLASSIFICATION NUMBER
Classification number 320.54 BRE
100 ## - MAIN ENTRY--PERSONAL NAME
Personal name BRECHER.
245 ## - TITLE STATEMENT
Title INDIA AND WORLD POLITICS
942 ## - ADDED ENTRY ELEMENTS (KOHA)
Koha item type Books
653 ## - INDEX TERM--UNCONTROLLED
Uncontrolled term Indian Politics & Government

No items available.



Sibsagar Girl's College © 2020. All rights reserved.
Powered by Koha.
Maintained by Abhijit Borpuzari.